| 000 | 00604nam a2200217Ia 4500 | ||
|---|---|---|---|
| 003 | OSt | ||
| 005 | 20230524183203.0 | ||
| 008 | 210423s1991 xx 000 0 und d | ||
| 040 | _cAL | ||
| 041 | _aeng | ||
| 082 |
_a340 _223 _bSAMM |
||
| 100 |
_aSAMPATH (D K) _9113191 |
||
| 245 | _aMediation: concepts and techniques in support of resolution of disputes | ||
| 260 |
_bLegal Services _c1991 |
||
| 300 | _bPB | ||
| 365 | _cINR | ||
| 650 |
_aLaw _9113192 |
||
| 650 |
_aSocial Sciences _9113193 |
||
| 906 | _aconcepts ; disputes ; Mediation: ; resolution ; support ; techniques | ||
| 942 |
_2ddc _cBK |
||
| 999 |
_c173023 _d173023 |
||